| 000 | 00000nam 2200000zi 4500 |
| 001 | 9.936607 |
| 003 | CaOODSP |
| 005 | 20240729104758 |
| 006 | m o d f |
| 007 | cr mn||||||||| |
| 008 | 240410t20242024quca ob f000 0 fre d |
| 020 | |a9780660713076 |
| 040 | |aCaOODSP|bfre|erda|cCaOODSP |
| 041 | 0 |afre|bfre|beng |
| 043 | |an-cn-qu|aln----- |
| 086 | 1 |aFs97-6/3605F-PDF |
| 100 | 1 |aRobillard, A., |eauteur. |
| 245 | 10|aMéthodes complémentaires d'imagerie sous-marine déposée pour la collecte de données biologiques et environnementales : |bvolume 2 : procédures d'analyses photo et vidéo / |cAmélie Robillard, David Lévesque et Marie-Julie Roux. |
| 264 | 1|aMont-Joli, Québec : |bDirection régionale des sciences, Pêches et océans Canada, Institut Maurice-Lamontagne, |c2024. |
| 264 | 4|c©2024 |
| 300 | |a1 ressource en ligne (x, 95 pages) : |billustrations (principalement en couleur). |
| 336 | |atexte|btxt|2rdacontent/fre |
| 337 | |ainformatique|bc|2rdamedia/fre |
| 338 | |aressource en ligne|bcr|2rdacarrier/fre |
| 490 | 1 |aRapport technique canadien des sciences halieutiques et aquatiques, |x1488-545X ; |v3605 |
| 500 | |aPublié aussi en anglais sous le titre : Complementary underwater imaging methods for collecting biological and environmental data : volume 2 : photo and video analysis procedures. |
| 504 | |aComprend des références bibliographiques. |
| 520 | |a« L'échantillonnage visuel permet la collecte de données biologiques et écologiques dans l'environnement marin, de manière peu intrusive et non-extractive. Les dispositifs d'imagerie déposés sont des systèmes polyvalents et faciles d'emploi pouvant être déployés dans différents milieux et permettre l'acquisition d'une grande quantité d'images. L'extraction des données sur les échantillons visuels récoltées lors des analyses d'imagerie représente un processus onéreux en temps et en expertise qui nécessite des procédures standardisées et interopérables. Ce rapport a pour objectif de contribuer au développement et à l'optimisation de procédures standardisées d'analyses d'échantillons photo et vidéo provenant de systèmes déposés, incluant l'usage d'un quadrat, d'un appât, et de la stéréoscopie. Un ensemble de pratiques, méthodes, et stratégies d’analyses sont présentées permettant de i) maximiser la qualité, la quantité, et la diversité des données récoltées; ii) de tenir compte des facteurs méthodologiques, écologiques, et environnementaux influençant la performance des dispositifs d'échantillonnage et la précision des données d'imagerie; et iii) de générer des données fiables accompagnées d'erreurs quantifiables. Ces procédures sont applicables à la plupart des environnements marins et échantillons photo ou vidéo issus de systèmes déposés. Leur application permettra d'augmenter la contribution de l'imagerie sous-marine à la gestion écosystémique des milieux marins » -- Résumé, page ix. |
| 546 | |aComprend des résumés en français et en anglais. |
| 650 | 6|aPhotographie sous-marine|zQuébec (Province)|zSaint-Laurent, Estuaire du. |
| 650 | 6|aPhotographie sous-marine|zSaint-Laurent, Golfe du. |
| 650 | 6|aVidéographie sous-marine|zQuébec (Province)|zSaint-Laurent, Estuaire du. |
| 650 | 6|aVidéographie sous-marine|zSaint-Laurent, Golfe du. |
| 650 | 6|aÉchantillonnage (Écologie)|zQuébec (Province)|zSaint-Laurent, Estuaire du. |
| 650 | 6|aÉchantillonnage (Écologie)|zSaint-Laurent, Golfe du. |
| 710 | 1 |aCanada. |bMinistère des pêches et des océans, |eorganisme de publication. |
| 710 | 2 |aInstitut Maurice Lamontagne. |bDirection régionale des sciences, |eorganisme de publication. |
| 775 | 08|tComplementary underwater imaging methods for collecting biological and environmental data : |w(CaOODSP)9.936606 |
| 830 | #0|aRapport technique canadien des sciences halieutiques et aquatiques ;|v3605.|w(CaOODSP)9.500867 |
| 856 | 40|qPDF|s6.04 Mo|uhttps://publications.gc.ca/collections/collection_2024/mpo-dfo/Fs97-6-3605-fra.pdf |